Vyčiarkli z mapy hradnú ruinu najlepšou propagáciou sú spokojní výletníci

Bibliographic Details
Format: Article
Language:Slovak
Subjects:

MARC

LEADER 00000nab a2200000 a 4500
001 vtls001029830
003 SK-MaSNL
005 20260303190017.0
008 040720e20010726xo 0 slo
035 |a SL8384 
040 |a SLLK  |b slo  |c SLLK  |e AACR2 
041 0 |a slo 
044 |a xo  |c SK 
080 |a 069.013  |2 1981 
245 0 0 |a Vyčiarkli z mapy hradnú ruinu  |b najlepšou propagáciou sú spokojní výletníci  |c [autor] (M.Š.) 
610 2 7 |a Ľubovniansky hrad (Stará Ľubovňa, Slovensko)  |2 SLLK  |9 102635 
610 2 7 |a Ľubovnianske múzeum (Stará Ľubovňa, Slovensko)  |2 SLLK  |9 33159 
650 0 7 |a návštevnosť  |2 SLLK  |9 508914 
650 0 7 |a podujatia  |2 SLLK  |9 405652 
651 7 |a Stará Ľubovňa (Slovensko)  |2 SLLK  |9 19193 
773 0 8 |t Ľubovnianske noviny  |g Roč. 27, č.29, 26.7.2001, s. 2 
852 |a ZVYKNI  |b KIS3GCP 
999 |c 2134136  |d 2136066